00523nam a2200169 a 4500008004100000020002200041100002200063245007300085260005200158300002700210504004100237500002000278650002800298003000100326005001700327040000900344  a0521457610 (pbk.)1 aCameron, Peter J.10aCombinatorics :btopics, techniques, algorithms /cPeter J. Cameron. aCambridge :bCambridge University Press,c1994. aviii, 355 p. ;c25 cm. aIncludes bibliographical references. aIncludes index. 0aCombinatorial analysis.20230123133433.0 cNUST